FC Bayern Münchens Siege 24/25 - Statistiken

Allgemein
  • Dieses Quiz wurde 161 mal gespielt
    92 seit der letzten Aktualisierung
  • Das Durchschnittsergebnis liegt bei 16 aus 23
Antwortstatistiken
Wettbewerb Verein % Korrekt
Champions League Bayer 04 Leverkusen
91%
Bundesliga RB Leipzig
85%
Bundesliga TSG Hoffenheim
84%
Bundesliga VfL Wolfsburg
84%
Bundesliga FC Augsburg
82%
Bundesliga 1. FC Heidenheim
81%
Bundesliga Holstein Kiel
81%
DFB-Pokal, Bundesliga Mainz 05
81%
Bundesliga Borussia Mönchengladbach
80%
Bundesliga Eintracht Frankfurt
78%
Bundesliga Union Berlin
78%
Bundesliga VfB Stuttgart
78%
Bundesliga VfL Bochum
78%
Bundesliga SC Freiburg
77%
Bundesliga Werder Bremen
77%
Bundesliga St. Pauli
76%
Champions League PSG
68%
Champions League Celtic Glasgow
57%
Champions League Dinamo Zagreb
50%
DFB-Pokal SSV Ulm
46%
Champions League Benfica Lissabon
43%
Champions League Slovan Bratislava
41%
Champions League Shakhtar Donetsk
20%
Keine übereinstimmenden Quizze gefunden
Verteilung der Resultate
Anzahl Personen mit jedem Resultat
Perzentil nach korrekt beantworteten Fragen
Ihre Resultats-Entwicklung
Sie haben dieses Quiz seit der letzten Aktualisierung nicht gespielt